• 首页
  • 本馆介绍
  • 公告通知
  • 最新文献
  • 馆藏检索
  • 电子资源
  • 读者导购
  • 参考咨询
  • 我的图书馆
  • 登录
  • 详细信息显示
  • 放入我的书架
  • 预约/预借图书
  • 作者相关作品
  • 分类相关作品
  • 丛书相关作品
  • 出版社相关作品

书目信息

  • 表格格式
  • 工作单格式
  • 卡片格式
题名:
黄瓜设施栽培新技术
    
 
作者: 刘玉荣 编著
分册:  
出版信息: 北京   金盾出版社  2014
页数: 181页
开本: 21cm
丛书名:
单 册:
中图分类: S642.2
科图分类:
主题词: 黄瓜--蔬菜园艺 , 黄瓜 , 蔬菜园艺
电子资源:
ISBN: 978-7-5082-9453-7
000 00768nam0 2200253 450
001 012015000810
005 20150914162055.43
010    @a978-7-5082-9453-7@dCNY13.00
100    @a20141104d2014 em y0chiy50 ea
101 0  @achi
102    @aCN@b110000
105    @aa z 000yy
106    @ar
200 1  @a黄瓜设施栽培新技术@Ahuang gua she shi zai pei xin ji shu@f刘玉荣编著
210    @a北京@c金盾出版社@d2014
215    @a181页@c图@d21cm
330    @a本书内容包括:概述、黄瓜的生物学特性、黄瓜新优品种选择等,介绍了近年来黄瓜新优品种和设施栽培新技术。
606 0  @a黄瓜@x蔬菜园艺
606 0  @a黄瓜
606 0  @a蔬菜园艺
690    @aS642.2@v5
701  0 @a刘玉荣@Aliu yu rong@4编著
801  0 @aCN@b碧洲教育@c20150718
905    @a10447@f4@dS642.2@e330
    
    黄瓜设施栽培新技术/刘玉荣编著.-北京:金盾出版社,2014
    181页:图;21cm
    
    
    ISBN 978-7-5082-9453-7:CNY13.00
    本书内容包括:概述、黄瓜的生物学特性、黄瓜新优品种选择等,介绍了近年来黄瓜新优品种和设施栽培新技术。
●
相关链接 在E读中查询图书 在五车中查询图书 在当当中查询图书 在豆瓣中查询图书


正题名:黄瓜设施栽培新技术     索取号:S642.2/330         预约/预借

序号 登录号 条形码 馆藏地/架位号 状态 备注
1 0847944   208479449   第二样本阅览室/ [索取号:S642.2/330] 在馆    
2 0847945   208479458   密集书库-生命科学系/ [索取号:S642.2/330] 在馆    
3 0847946   208479467   第三借阅区/ [索取号:S642.2/330] 在馆    
4 0847947   208479476   第三借阅区/ [索取号:S642.2/330] 在馆    
唐山师范学院图书馆 欢迎您!
大连网信软件有限公司© 版权所有